| 000 | 00637nam a2200181Ia 4500 | ||
|---|---|---|---|
| 003 | GCL | ||
| 008 | 140319s9999 xx 000 0 ara d | ||
| 040 |
_aGCL / _cGCL |
||
| 082 | 0 | 4 |
_aق _b923.262 _bت ص |
| 100 | 1 | _aتوفيق سامى | |
| 245 | 1 | 0 |
_aصفحات الامانة فى تاريخ ورسوم رجال الكنانة: الكتاب الاول فى تاريخ حياة حضرة صاحب المعطوفة قلينىفهمى باشا / _cتوفيق سامى |
| 700 | 1 | _aفهيم بشاى | |
| 300 | _a203 | ||
| 490 |
_a100 قصة _v0 |
||
| 650 | 0 | 4 | _aالتاريخ |
| 650 | 0 | 4 | _aقلينى فهمى باشا |
| 942 |
_2ddc _cBK |
||
| 999 |
_c45883 _d45883 |
||